000 01165nam a22003977a 4500
001 BR8106721
003 BR-BrBNA
005 20230928091104.0
007 ta
008 230509b bl.||||| |||| 00| 0 por d
040 _aBR-BrBNA
_bpor
_cBiblioteca Nacional de Agricultura
041 _a(Por)
072 _aQ10; E10; E70
_b0150
_b/G514
090 _ 0150 BR8106721
110 1 _aCentro de Assistencia Gerencial a Pequena e Media Empresa do Estado do Amazonas, Manaus (Brasil)
_91451
245 1 _aEstudo de oportunidade de investimento no estado do Amazonas: beneficiamento de arroz [Brasil]
_bSerie: Perfil Industrial
260 3 _aManaus, AM (Brasil):
_c[nd].
300 _a37 p.
500 _aPublished 1980?
650 _aARROZ
650 _aBENEFICIAMENTO
650 _aSECAGEM
650 _aMERCADO
650 _aOFERTA
650 _aDEMANDA
650 _aESTATISTICA DE PRODUCAO
650 _aCONSUMO
650 _aANALISE ECONOMICA
650 _aCUSTO DE PRODUCAO
650 _aRECEITA
650 _aINCENTIVO FISCAL
650 _aFINANCIAMENTO
650 _aAMAZONAS
909 _a202309
_bLucia
_c55
_dLucia Elande
942 _cBK
999 _c32163
_d32163